Normal view
MARC view
- Electrical Engineering in Communication MS-Thesis.
Entry Topical Term
001 - CONTROL NUMBER
- control field: 30101
003 - CONTROL NUMBER IDENTIFIER
- control field: NUST
005 - DATE AND TIME OF LATEST TRANSACTION
- control field: 20200915125956.0
008 - FIXED-LENGTH DATA ELEMENTS
- fixed length control field: 200915|| aca||aabn | a|a d
040 ## - CATALOGING SOURCE
- Original cataloging agency: NUST
- Transcribing agency: NUST
150 ## - HEADING--TOPICAL TERM
- Topical term or geographic name entry element: Electrical Engineering in Communication MS-Thesis.
670 ## - SOURCE DATA FOUND
- Source citation: Work cat.: (NUST): Muhammad Adnan, Syed 30100, Implementation & Evaluation of Sha-3 Candidate Grostl on FPGA Platform using Optimized Architectures for High Throughput and Low Area /, 2012.
